| 000 | 00878nam a2200277 a 4500 | ||
|---|---|---|---|
| 001 | 25006 | ||
| 003 | CO-ViMGA | ||
| 008 | 141112s2004 ck r 000 u spa d | ||
| 020 | _a9789583801921 | ||
| 040 |
_aCO-ViMGA _bspa _cCO-ViMGA |
||
| 041 | _aSPA | ||
| 090 | _aA NUÑ2 | ||
| 100 | 1 |
_aNúñez, Alonso _937949 |
|
| 245 | 1 | 0 |
_aRetratos de trapo / _ctexto Alonso Núñez ; ilustraciones Ana Paula Rosales |
| 250 | _a1a ed., 1a reimpr. | ||
| 260 |
_aBogotá : _bCidcli, _c2012 |
||
| 300 | _a16 p. : il. col. : il. | ||
| 600 |
_aILUSTRADORES MEXICANOS _937950 |
||
| 650 | 1 | 4 |
_aAUTORES MEXICANOS _937951 |
| 650 | 1 | 4 |
_aDESDE LOS 18 MESES _937952 |
| 650 | 1 | 4 |
_aFAMILIA - LIBROS DE IMAGENES _937953 |
| 650 | 1 | 4 |
_aGENEALOGIA - LIBROS DE IMAGENES _937954 |
| 650 | 1 | 4 |
_aLITERATURA INFANTIL MEXICANA - SIGLO XXI _937955 |
| 700 | 1 |
_aRosales, Ana Paula _937956 |
|
| 942 |
_2ddc _cBK |
||
| 999 |
_c2535 _d2535 |
||